| 000 | 00636nam a2200253Ia 4500 | ||
|---|---|---|---|
| 003 | OSt | ||
| 005 | 20220925230400.0 | ||
| 006 | a|||||r|||| 00| 0 | ||
| 007 | ta | ||
| 008 | 220923b |||||||| |||| 00| 0 eng d | ||
| 020 | _a1859849555 | ||
| 037 | _cGeneral Book | ||
| 040 |
_aRTL _cRTL _beng |
||
| 041 |
_2eng _aeng |
||
| 082 | _aWA, N4 | ||
| 100 |
_aZizek Slavoj Ed. _935525 |
||
| 245 | 0 | _aMapping ideology | |
| 260 |
_aLondon _bVerso _c1994 |
||
| 300 |
_a341p _ccm. |
||
| 490 | _aMapping | ||
| 650 |
_aNon-Violence _9244472 |
||
| 942 |
_hWA, N4 _cGB _2CC |
||
| 999 |
_c585317 _d585317 |
||